[Event "RUS-ch"]
[Site "Elista"]
[Date "1995.??.??"]
[Round "3"]
[White "Filippov, Valerij"]
[Black "Makarichev, Sergey"]
[Result "1-0"]
[WhiteElo "2510"]
[BlackElo "2540"]
[Annotator "Stohl,I"]
[PlyCount "47"]
[EventDate "1995.10.??"]
[EventType "swiss"]
[EventRounds "11"]
[EventCountry "RUS"]
[SourceTitle "CBM 050"]
[Source "ChessBase"]
[SourceDate "1996.02.01"]
[SourceVersion "1"]
[SourceVersionDate "1996.02.01"]
[SourceQuality "1"]

1. Nf3 {Belov} Nf6 2. c4 b6 3. g3 c5 4. Bg2 Bb7 5. O-O g6 6. Nc3 (6. b3 Bg7 7.
Bb2 O-O 8. d4 cxd4 9. Qxd4 d6 10. Nc3 Nbd7 11. Nd5 Rc8 12. Nxf6+ Nxf6 13. Rfd1
Rc5 14. Rac1 Qa8 15. h3 Re8 16. Qe3 Rh5 17. Qc3 Qc8 18. Qe1 Rxh3 $1 19. Bxh3
Qxh3 20. Qf1 Qh5 21. Bxf6 Bxf6 22. Nh2 Qa5 $44 {Nadera,B-Adianto,U/Genting zt/
1995/}) 6... Bg7 7. d4 cxd4 8. Qxd4 d6 9. Rd1 (9. Be3 $5 Nbd7 10. Rac1 Nc5 (
10... O-O $142 11. Qh4 Rc8 $132) 11. Rfd1 Ne6 12. Qh4 Qc8 13. Nd5 h6 14. Nd4
Kf8 15. Nb5 {[%cal Rd5e7] /\Ne7!} Qd7 16. Nbc3 Rd8 17. b3 Kg8 18. Ne4 Nxe4 19.
Qxe4 Rb8 20. Qh4 Re8 21. b4 g5 22. Qe4 Nd8 23. Qd3 Nc6 24. Qa3 Kh7 25. b5 Na5
26. c5 $1 $16 {Gavrikov,V-Ballmann,M/SUI-chT/1995/}) (9. Be3 $5 {Belov}) 9...
Nbd7 10. b3 O-O (10... Rc8 11. Bb2 a6 12. Qe3 O-O 13. Nd4 Bxg2 14. Kxg2 Rc5 15.
f3 Qb8 16. a3 Re8 17. Qd2 Qb7 18. Nc2 $13 {1/2/Janjgava,L-Gurevich,D/Geneva op/
1995/}) 11. Bb2 Ne4 (11... Rc8 12. Rac1 (12. Qe3 Nc5 13. Bh3 Ncd7 14. Rac1 Rc5
15. Bg2 Re8 16. Nd4 Ng4 17. Qf4 $6 Bxg2 18. Kxg2 Ndf6 19. Qf3 e5 $1 20. Ndb5 e4
21. Qf4 Rf5 22. Qxf5 gxf5 23. Nxd6 Qd7 24. Nxe8 Qxe8 $19 {Ionov,S-Makarichev,S/
RUS-ch Elista/1995/}) 12... Rc5 $5 (12... a6 13. Qe3 Re8 14. h3 (14. Ba1 {Belov
} Rc5 15. a4 Qa8 16. Ne1 Rf5 17. Bxb7 Qxb7 $132 {Karpov,A-Kasparov,G/
London-Leningrad/1986/0,5/32/}) 14... Bc6 15. Nd4 Bxg2 16. Kxg2 Qc7 17. Ba1 Qb8
$10 {Rotstein,A-Adams,M/Wijk aan Zee op/1993/0:1/39/}) 13. Qd2 (13. Ne1 Bxg2
14. Nxg2 Nd5 15. Qd2 Nxc3 16. Bxc3 Bxc3 17. Rxc3 Nf6 18. f3 Qc7 19. e4 b5 20.
Rdc1 Rc8 21. Ne3 Qa5 22. Kg2 bxc4 23. Nxc4 Qa6 24. R3c2 d5 $10 {Andersson,
U-Portisch,L/Reykjavik WCup/1991/}) 13... Qa8 14. Ne1 Bxg2 15. Nxg2 Ne4 16.
Nxe4 $10 {1/2/Polgar,Zsu-Stohl,I/Morava A/1991/}) (11... a6 12. Qd3 $6 Nc5 13.
Qd2 b5 14. Nd5 Nce4 15. Nxf6+ Bxf6 16. Qc2 Bxb2 17. Qxb2 bxc4 18. bxc4 Rb8 19.
Qd4 Qc7 20. Nd2 Nxd2 21. Bxb7 Rxb7 22. Rxd2 Rc8 $36 {Jakovljevic,V-Marinkovic,
I/YUG-chT/1994/}) 12. Qe3 Nxc3 13. Bxc3 Bxc3 (13... Nf6 14. Rac1 Rc8 15. Ne1
Qd7 16. Nd3 Bxg2 17. Kxg2 Nd5 18. cxd5 Bxc3 19. h4 {Andersson,V-Partos.A/Biel
izt/1985/1:0/33/} h5 20. Qe4 Rc7 21. Nf4 Be5 22. Nd3 Bc3 23. Nf4 Be5 24. Rxc7
Qxc7 25. Nd3 Qc2 26. Rc1 Qxa2 27. Nxe5 dxe5 28. Qxe5 $16 {Andersson,U-Partos,C/
Biel izt/1985/}) 14. Qxc3 Rc8 {[%cal Rb6b5] /\b5|^} (14... Nf6 $142 $5 15. Nd4
Bxg2 16. Kxg2 Qd7 17. Rac1 Rac8 18. Qf3 Rfd8 19. Rc2 Rc5 {1/2/Zhidkov,
V-Gofstein,L/Kiev/1989/}) 15. Qe3 (15. Nd4 {Belov} Bxg2 16. Kxg2 Nf6 $10) 15...
Rc5 (15... Re8 16. Bh3 $1 $14) (15... Nf6 16. Rd4 $14 {[%csl Rg7,Rh6] ׻}) 16.
Rd4 a5 $6 {[%csl Rb5] ><b5} (16... Ne5 17. Ng5 $1 $36) (16... Nf6 17. b4 $1 (
17. Rad1 {Belov} Qc7 18. Rh4 Rc8 $2 (18... h5 19. Qh6 Bxf3 20. Bxf3 Rc8 $14)
19. Qh6 Qd8 20. Ng5 Bxg2 21. Nxh7 $18) 17... Rc7 (17... Rh5 $2 18. g4 $18) 18.
Rh4 $40) (16... Re8 $5 $14) 17. Rad1 Nf6 18. Rh4 Qc7 $2 (18... Rh5 19. Rxh5
Nxh5 20. Qh6 Bxf3 (20... Nf6 21. Ng5 $16) 21. Bxf3 Nf6 22. Rd4 $36) (18... h5
$142 19. Qh6 Ng4 (19... Bxf3 20. Bxf3 {[%cal Rg3g4] /\g4}) 20. Rxg4 hxg4 21.
Ng5 Rxg5 $8 22. Qxg5 Bc8 $1 $14 {[%cal Yg8g7,Yf8h8,Yh8h5] /\Kg7,Rh8-h5} (22...
Bxg2 23. Kxg2 Qd7 24. Rd4 $16)) (18... h5 $142 $14 {Belov}) 19. Qh6 $1 $40 {
[%cal Rf3g5] /\Ng5 The h6-square is an ideal attacking post for White's Q,
from here it can't be dislodged. (and it will decide the game)} Bxf3 $8 (19...
Rh5 {Belov} 20. Rxh5 Nxh5 21. Ng5 Nf6 22. Rd4 Bxg2 (22... Rc8 23. Rh4) 23. Rh4
Rc8 24. Nxh7 Nh5 25. Ng5 e6 26. Qh7+ Kf8 27. Kxg2 $18) (19... Rc8 20. Ng5 $36)
20. Bxf3 {Black's Nf6 is pinned to defend h7, White's Bishop with the help of
the g-pawn concludes the attack effectively.} Re5 (20... g5 21. Rh3 {[%cal
Rf3e4] /\Be4} Re5 22. g4 {-20...Re5}) (20... Rc8 {Belov} 21. g4 g5 22. Rh3 Re5
23. Rd4 Qc5 24. Be4 Rxe4 25. Rxe4 $18) 21. g4 $1 g5 22. Rh3 d5 (22... Re8 23.
Rd5 $1 Kh8 (23... Rxd5 24. Bxd5 $18) 24. Rxe5 dxe5 25. Be4 $1 Qd7 26. Bxh7
Qxg4+ 27. Kf1 $18) (22... Qc5 $142 23. Rd5 (23. e3 {Belov} Qa3 (23... Rc8 24.
Rd4 Qa3 25. Be4 Rxe4 26. Rxe4 Qc1+ 27. Kg2 $18) 24. Rd5 Qc1+ 25. Kg2 Qb2 $13 (
25... Rxd5 26. Be4 $18)) 23... Rxd5 24. Bxd5 (24. cxd5 Qc1+ 25. Kg2 Qf4 26. e3
Qe5 $17) (24. Be4 Rd1+ 25. Kg2 Qxf2+ 26. Kxf2 Nxg4+ $19) 24... Qd4 25. Qxg5+
Kh8 26. Qh6 $1 Rg8 27. Bf3 $16) 23. Rxd5 $1 e6 (23... Rxd5 {Belov} 24. Be4 $1
Rd1+ 25. Kg2 Rfd8 26. Bxh7+ Kh8 27. Bg6+ Kg8 28. Qh8#) 24. Be4 $1 (24. Be4 exd5
(24... Rxe4 25. Rxg5+ (25. Rxg5+ Kh8 26. Qxf6#)) (24... Nxe4 {Belov} 25. Qxh7#)
25. Bxh7+ Kh8 26. Qxf6# (26. Qxf8+ Ng8 27. Bxg8#)) 1-0

[Event "Athens Acropolis"]
[Site "Athens"]
[Date "2003.09.01"]
[Round "8"]
[White "Johannessen, Leif Erlend"]
[Black "Schmaltz, Roland"]
[Result "0-1"]
[WhiteElo "2525"]
[BlackElo "2530"]
[Annotator "Stohl,I"]
[PlyCount "102"]
[EventDate "2003.08.25"]
[EventType "tourn"]
[EventRounds "9"]
[EventCountry "GRE"]
[EventCategory "12"]
[SourceTitle "CBM 097"]
[Source "ChessBase"]
[SourceDate "2003.11.11"]
[SourceVersion "1"]
[SourceVersionDate "2003.11.11"]
[SourceQuality "1"]

1. Nf3 Nf6 2. c4 e6 3. Nc3 c5 4. g3 b6 5. Bg2 Bb7 6. O-O Be7 7. Re1 a6 8. e4 d6
9. d4 cxd4 10. Nxd4 Qc7 11. Be3 O-O 12. Rc1 Nbd7 13. f4 h5 $5 (13... Rfe8 14.
g4 (14. f5 Bd8 $132) 14... Nc5 15. Bf2 {is the main line.}) 14. h3 Rfe8 15. Bf2
g6 {A useful waiting move, which Black needs anyway to free his Nf6 from the
protection of the Ph5. Also after a possible e5 advance White won't have Nf5.}
(15... Bf8 16. Qe2 (16. Nf3 Rac8 (16... Rad8 $5) 17. Nd2 g6 18. Qe2 Bg7 (18...
Bh6 $142 $13) 19. e5 dxe5 20. fxe5 Nh7 21. Bxb7 Qxb7 22. Nf3 Qc6 23. b3 Red8
24. h4 Nhf8 25. Bd4 Qc7 26. Kg2 $14 {Damljanovic,B-Zivanic,M/Belgrade/2002/
This type of positions is advantageous for White, who can play both on the >>
(<->f), or against the ><b6.}) 16... g6 17. e5 Bxg2 18. Kxg2 Nh7 (18... dxe5
$143 19. fxe5 Nh7 20. Nf3 Rac8 21. Rcd1 Bb4 22. Rd4 Qb7 23. Red1 Nc5 24. Qe3
Bxc3 25. bxc3 Na4 26. Rd7 Rc7 27. Rd8 $36 {Rahman,Z-Nisipeanu,L/Bled olm/2002/}
) 19. Nf3 Rac8 20. b3 dxe5 21. fxe5 Red8 22. Bd4 Nc5 23. Rcd1 Be7 24. Qe3 Qc6
25. Kh2 Rd7 26. Bxc5 Bxc5 27. Qe4 Qxe4 28. Nxe4 Rcd8 29. Rxd7 Rxd7 30. Kg2 $14
{Gelfand,B-Ljubojevic,L/Belgrade/1997/}) 16. Nd5 $5 {[%mdl 576] White decides
for a sharp change of the character of the position. This typical sacrifice is
rare in this concrete position.} (16. Qd2 Bf8 17. b3 Rad8 18. Nf3 Qb8 19. Ng5
Ba8 20. Qe2 Nh7 21. Nf3 Bg7 22. Rc2 Nhf6 23. Ng5 Nh7 24. Nxh7 Kxh7 25. Be3 Bc6
26. Qf2 Kg8 27. Bd4 Bh6 28. b4 b5 $132 {Foisor,C-Caravan,M/ROM-chW/Sovata/1998/
(46)}) (16. Nf3 Bf8 17. b3 (17. Nd2 Rad8 18. Qe2 Qb8 19. Qf1 Bh6 20. Be3 Bg7
21. Rcd1 Rc8 22. Bf2 Red8 23. Qe2 Nh7 24. Rc1 Bh6 25. Be3 Bg7 26. Red1 Nhf6 27.
g4 hxg4 28. hxg4 Re8 29. g5 Nh7 $13 {Kolev,A-Matamoros Franco,C/Mondariz
Balneario/2002/ (46)}) 17... Rac8 18. Qd2 (18. Qe2 $142) 18... Qb8 19. Ng5 Ba8
20. Qe2 $13 {1/2,Agrest,E-Nielsen,P/EU-ch Ohrid/2001/}) (16. Bf3 Bf8 17. b3
Rac8 (17... e5 18. Nd5 Qd8 $132) (17... Bh6 $5 {/\e5~~}) 18. e5 dxe5 19. fxe5
Nh7 20. Bxb7 Qxb7 21. Nf3 $14 {1/2,Ionescu,M-Soltanici,R/Satu Mare/2002/}) ({
Yet untested, but natural seems to be} 16. e5 dxe5 $8 (16... Nh7 $2 17. exd6
Bxd6 18. Ndb5 $1 $18) (16... Bxg2 $2 17. exf6 Qb7 18. fxe7 Bh1 19. Nd5 $18) 17.
fxe5 Nh7 18. Bxb7 Qxb7 19. Qe2 $13 {/+/= with a position, similar to the one
White is striving for.}) 16... exd5 17. cxd5 Nc5 {Black immediately returns
the piece, but this is a debatable decision.} (17... Qd8 $142 $5 18. Nc6 Bxc6
19. dxc6 Nc5 20. c7 (20. e5 dxe5 21. fxe5 Qxd1 22. Rcxd1 Nh7 $17) (20. b4 Ne6
21. f5 $5 Nc7 22. Bxb6 $44) 20... Qxc7 21. b4 Rad8 22. Qc2 Nfd7 (22... Qd7 23.
bxc5 bxc5 24. Rcd1 $36) 23. Bf1 b5 24. bxc5 dxc5 25. e5 Nf8 (25... c4 $1 $15)
26. a4 $44 {Ostenstad,B-Elsness,F/NOR-chT/2001/}) (17... Qb8 18. Nc6 Bxc6 19.
dxc6 Nc5 20. c7 (20. e5 dxe5 21. fxe5 Rd8 $1 {/\Nd5=/+}) 20... Qxc7 {-17...Qd8}
) 18. b4 Rad8 19. bxc5 dxc5 {[%csl Gd5,Ge4] Black is forced to give up the [+]
and seek <<<=>.} (19... bxc5 20. Nb3 $16 {[%cal Yd1d2,Yb3a5] /\Qd2,Na5 gives
White a very good Benoni-type position.} (20. Nc6 $5 Bxc6 21. dxc6 $36)) 20.
Ne2 (20. Qc2 h4 $1 $132) (20. Nf3 b5 21. Qc2 c4 22. Qc3 $5 {[%cal Rd5d6] /\d6+/
-} (22. d6 Bxd6 23. e5 Bb4 24. exf6 Bxe1 $14 {/~~<=>})) 20... b5 21. Qc2 c4 22.
Rcd1 (22. Qc3 $142 Nh7 23. Red1 Bc5 24. e5 Qb6 $5 25. Qe1 $14) 22... Bc5 (22...
Bb4 $1 23. Nc3 (23. Rf1 $143 Qe7 $40 {[%csl Re4] ><e4}) (23. Bd4 Nxd5 $5 24.
exd5 Bxe1 25. Rxe1 Bxd5 $13 {/=/+}) (23. d6 Qd7 $5 (23... Rxd6 24. Rxd6 Bxd6
25. e5 Bb4 $15) 24. e5 Bxe1 25. Rxe1 Bxg2 26. Kxg2 Nd5 $15) 23... h4 24. Bd4
Bc5 $132) 23. Nc3 b4 {Although Black gets his <<P moving, White still rules in
the [+] and this is more important.} (23... h4 24. g4 $36 {makes no
significant difference.}) 24. Na4 Bxf2+ 25. Qxf2 c3 (25... a5 26. Qd4 Nd7 27.
e5 $16) 26. Nc5 (26. d6 $2 Rxd6 27. Rxd6 Qxd6 28. e5 Qe7 $17 {/\} 29. Bxb7 Qxb7
30. exf6 Rxe1+ 31. Qxe1 Qc6 $19 {[%csl Gc3] o^c}) (26. Qd4 c2 27. Rc1 Nxd5 $1
28. Qf2 Nc3 $13) 26... Ba8 $6 {This doesn't help Black's pawns.} (26... Bc8 $2
27. e5 $18) (26... Rc8 $142 27. Nxb7 Qxb7 28. Rd4 $5 $36 {/\} (28. e5 c2 29.
Rc1 Nxd5 30. Rxc2 Rxc2 31. Qxc2 Qb6+ 32. Kh1 Nc3 $132) 28... b3 29. axb3 Qxb3
30. e5 Qb2 31. Rdd1 $16) 27. Nxa6 Qa5 28. Nc5 Rc8 29. Nb3 Qa3 30. Qc2 {Now
Black gets chances to complicate the issue. White ahouldn't have let go the /
^g1-a7.} (30. Rd4 c2 31. Rc1 Qxa2 32. Rxb4 Rc3 $36) (30. Re2 $142 $1 $16) 30...
Qa7+ 31. Kh2 (31. Qf2 $5 Qa3 32. Re2 $16 {transposes to the above note.}) 31...
h4 32. g4 (32. gxh4 $5 {/\} Nh5 33. Rf1 Qe7 34. Qf2 $16) 32... Rc4 33. e5 Nxd5
$5 {[%csl Rh2][%mdl 512] Forced, now with White's K rather vulnerable Black
gets reasonable practical chances.} 34. Rxd5 $2 (34. Bxd5 Bxd5 (34... Rxf4 $2
35. Qxg6+ $18) 35. Rxd5 Rxf4 36. Nc5 $16 {was stronger, in the game White
won't get to reactivating his N.}) 34... Rxf4 $1 (34... Bxd5 $2 35. Bxd5 Rxf4
36. Qxg6+ Kf8 37. Qh6+ $18) 35. Rc5 (35. Nc5 Qc7 $5 $13) 35... Rd8 36. Re2 (36.
e6 Bxg2 37. Qxg2 fxe6 38. Qe2 (38. Rxe6 Qf7 39. Re2 Rf3 $1 40. Rc4 Rf8 $40)
38... Qf7 $132) 36... Bxg2 37. Rxg2 (37. Kxg2 Qb7+ 38. Kh2 Qf3 $40 (38... Rf1
$40)) 37... Rf1 $44 {Suddenly Black's threats are very real and White panics.}
38. Rf2 (38. Qe4 $5 Rdd1 39. Re2 Qa6 $44) 38... Re1 39. Re2 Red1 ({Black feels
he can aspire for more than a possible draw after} 39... Rf1) 40. Rf2 $2 $138 (
{This was White's last chance to play} 40. Qe4 $1 R1d2 41. Ra5 Qb6 $13) 40...
Qa8 {Now the tables have turned completely.} 41. Rg2 Qf3 $6 (41... Re1 $1 {
[%cal Rd8d1] /\Rdd1-+}) 42. Qf2 $8 Rh1+ $1 43. Kxh1 Qxh3+ 44. Kg1 (44. Rh2 $4
Rd1+ 45. Qg1 Qf3+ 46. Rg2 h3 $19) 44... Rd1+ 45. Qf1 Qe3+ (45... Rxf1+ 46. Kxf1
Qf3+ 47. Rf2 Qh1+ 48. Ke2 h3 $5 $19) 46. Rf2 Qg3+ 47. Rg2 Rxf1+ 48. Kxf1 Qf3+
49. Rf2 Qd1+ (49... Qh1+ $5 {-45...Rf1}) 50. Kg2 Qxg4+ 51. Kf1 $2 ({Necessary
was} 51. Kh1 $8 Qg3 52. Rg2 Qf3 53. Kh2 h3 54. Rg3 Qf2+ 55. Kxh3 Qxa2 $17 {
although even here Black should win.}) 51... h3 {[%cal Rg4g3,Rh3h2] /\Qg3,h2-+}
(51... h3 52. Ke1 h2 53. Rxh2 Qg1+ $19) 0-1